000 00534nam a2200181Ia 4500
005 20250508151301.0
008 008 250505s9999 xx 000 0 eng d
037 _aTextual
040 _aFEDL
_beng
_cFEDL
041 _aeng
_2eng
084 _a379.1442, OWE
_qFEDL
100 _aOwen Hugh
_9758774
245 0 _aEducation acts 1870-1902 : And other acts relating to education
260 _aLondon, UK
_bKnight and Company
_c1903
300 _a312p.
942 _cTEXL
_h379.1442, OWE
999 _c1328824
_d1328824